The Prophet Unarmed : (Record no. 185719)
[ view plain ]
| 000 -LEADER | |
|---|---|
| fixed length control field | 00827 a2200229 4500 |
| 003 - CONTROL NUMBER IDENTIFIER | |
| control field | Nust |
| 005 - DATE AND TIME OF LATEST TRANSACTION | |
| control field | 20230316110719.0 |
| 010 ## - LIBRARY OF CONGRESS CONTROL NUMBER | |
| LC control number | 2004558056 |
| 020 ## - INTERNATIONAL STANDARD BOOK NUMBER | |
| International Standard Book Number | 1859844464 |
| 035 ## - SYSTEM CONTROL NUMBER | |
| System control number | (OCoLC)ocm56469695 |
| 040 ## - CATALOGING SOURCE | |
| Transcribing agency | Nust |
| 082 04 - DEWEY DECIMAL CLASSIFICATION NUMBER | |
| Classification number | 497,DEV |
| 100 1# - MAIN ENTRY--PERSONAL NAME | |
| Personal name | Deutscher, Isaac |
| 9 (RLIN) | 108590 |
| 245 14 - TITLE STATEMENT | |
| Title | The Prophet Unarmed : |
| Remainder of title | Trotsky, 1921-1929 / |
| Statement of responsibility, etc. | Isaac Deutscher. |
| 260 ## - PUBLICATION, DISTRIBUTION, ETC. | |
| Place of publication, distribution, etc. | London ; |
| -- | New York : |
| Name of publisher, distributor, etc. | Verso, |
| Date of publication, distribution, etc. | 2003. |
| 300 ## - PHYSICAL DESCRIPTION | |
| Extent | xiv, 444 p. ; |
| Dimensions | 21 cm. |
| 505 ## - FORMATTED CONTENTS NOTE | |
| Formatted contents note | The Power and The Dream (Page-1), The Anathema (Page-75), ‘Not By Politics Alone’ (Page-164), An Interval (Page-201), The Decisive Contest (Page-271), A Year at Alma ATA (Page-395). |
| 600 10 - SUBJECT ADDED ENTRY--PERSONAL NAME | |
| Personal name | Trotsky, Leon, |
| Dates associated with a name | 1879-1940. |
| 9 (RLIN) | 108591 |
| 650 #0 - SUBJECT ADDED ENTRY--TOPICAL TERM | |
| Topical term or geographic name entry element | Revolutionaries |
| Geographic subdivision | Soviet Union |
| 9 (RLIN) | 110381 |
| 650 #0 - SUBJECT ADDED ENTRY--TOPICAL TERM | |
| Topical term or geographic name entry element | Statesmen |
| Geographic subdivision | Soviet Union |
| 9 (RLIN) | 110382 |
| 942 ## - ADDED ENTRY ELEMENTS (KOHA) | |
| Source of classification or shelving scheme | |
| Koha item type | Book |
| Withdrawn status | Lost status | Source of classification or shelving scheme | Damaged status | Not for loan | Permanent Location | Current Location | Shelving location | Date acquired | Full call number | Barcode | Date last seen | Price effective from | Koha item type | Public note |
|---|---|---|---|---|---|---|---|---|---|---|---|---|---|---|
| Military College of Signals (MCS) | Military College of Signals (MCS) | General Stacks | 12/12/2016 | 497,DEU | MCS29920 | 12/08/2016 | 12/12/2016 | Book | Almirah No.74, Shelf No.4 |
